مكتبة جامعة عجلون الوطنية

فهرس بحث المكتبة

Normal view MARC view
  • اشراف وحدة التوثيق والارشفة - الديوان الملكي العامر؛ المادة والبحث العلمي منتهى قبلان العبداللات، سامر سميح الفنش، متابعة وتحرير وتنسيق جنان زكي أبو زياد واخرون

Entry Personal Name

Number of records used in: 1

001 - CONTROL NUMBER

  • control field: 58807

003 - CONTROL NUMBER IDENTIFIER

  • control field: JO-AjAnu

005 - DATE AND TIME OF LATEST TRANSACTION

  • control field: 20230606083624.0

008 - FIXED-LENGTH DATA ELEMENTS

  • fixed length control field: 230606|| aca||aabn | a|a d

040 ## - CATALOGING SOURCE

  • Original cataloging agency: JO-AjAnu
  • Transcribing agency: JO-AjAnu

100 ## - HEADING--PERSONAL NAME

  • Personal name: اشراف وحدة التوثيق والارشفة - الديوان الملكي العامر؛ المادة والبحث العلمي منتهى قبلان العبداللات، سامر سميح الفنش، متابعة وتحرير وتنسيق جنان زكي أبو زياد واخرون

670 ## - SOURCE DATA FOUND

  • Source citation: Work cat.: (JO-AjAnu)29997: اشراف وحدة التوثيق والارشفة - الديوان الملكي العامر؛ المادة والبحث العلمي منتهى قبلان العبداللات، سامر سميح الفنش، متابعة وتحرير وتنسيق جنان زكي أبو زياد واخرون, author, قصر رغدان العامر: شاهد على النشاة والنهضة